00732nam a2200193 a 450000100100000000500170001000800410002704000250006810000230009324000420011624500850015826000410024330000210028449000320030570000390033783000390037695201060041599900170052100004031720201002034044.0130821s1968 sp 000 0 spa d aDO-SdBNPbspacBNPHU1 aLaude, Jean96660510aLe arts de I Atrique nolrelespañol14aLas artes del África negra /cJean Laude ; traducción Fenándo Gutiérrez. aBarcelona :bEdiciones Labor,c1968. a282 p. ;c21 cm.1 aNueva colección Laborv701 aGutiérrez, Fernándoetr.94139 0aNueva colección Laborv70947180 0010507-18MOaGRbGRcOId2013-08-21iLF1l0o p40317-10r2020-06-25w2020-06-25y1ZNo se presta c39807d39807